000
00208 a2200097 4500
020
_a
9780590291644
041
_a
spa
100
_a
Imelda Rodriguez
245
_a
Ratoncito zapata y el Rey chimuelo
942
_c
BK
999
_c
11787
_d
11787